| 000 | 00466nam a2200181Ia 4500 | ||
|---|---|---|---|
| 001 | 8386 | ||
| 003 | IN-NITTTR | ||
| 005 | 20251114233037.0 | ||
| 008 | 251113s9999||||xx |||||||||||||| ||eng|| | ||
| 040 | _beng | ||
| 040 | _cIN-NITTTR | ||
| 041 | _aeng | ||
| 082 | _a658.5 I2H | ||
| 100 | _aIreson, W. Grant | ||
| 245 | 0 |
_aHandbook of industrial engineering and management. / _cIreson, W. Grant, Grant, Eugene L. |
|
| 700 | _a Grant, Eugene L. | ||
| 942 |
_2ddc _cBK |
||
| 999 |
_c11024 _d11024 |
||